Coming-of-age celebration. meeting in London of auctioneers and valuers of the United Kingdom (Record no. 99776)

MARC details
000 -LEADER
fixed length control field 00658cam a22001815a 4500
001 - CONTROL NUMBER
control field ##J100719
008 - FIXED-LENGTH DATA ELEMENTS--GENERAL INFORMATION
fixed length control field 000000s1907 000 0 eng u
035 ## - SYSTEM CONTROL NUMBER
System control number (Sirsi) u100719
041 0# - LANGUAGE CODE
Language code of text/sound track or separate title eng
050 04 - LIBRARY OF CONGRESS CALL NUMBER
Classification number 942.273 $2 22
110 2# - MAIN ENTRY--CORPORATE NAME
Corporate name or jurisdiction name as entry element Auctioneers' Institute of the United Kingdom
9 (RLIN) 3785
245 00 - TITLE STATEMENT
Title Coming-of-age celebration. meeting in London of auctioneers and valuers of the United Kingdom
Remainder of title July 23rd, 24th, 25th and 26th, 1907
-- programme of arrangements
260 ## - PUBLICATION, DISTRIBUTION, ETC.
Place of publication, distribution, etc. London
Name of publisher, distributor, etc. Auctioneers' Institute of the United Kingdom
Date of publication, distribution, etc. 1907
300 ## - PHYSICAL DESCRIPTION
Extent 32p.
-- ll
Dimensions 22cm.
651 #4 - SUBJECT ADDED ENTRY--GEOGRAPHIC NAME
Geographic name Great Britain
Chronological subdivision 1707-
690 ## - LOCAL SUBJECT ADDED ENTRY--TOPICAL TERM (OCLC, RLIN)
Topical term or geographic name as entry element RICS SERVICES-RICS EVENTS
942 ## - ADDED ENTRY ELEMENTS (KOHA)
Suppress in OPAC 0
Holdings
Withdrawn status Lost status Source of classification or shelving scheme Damaged status Not for loan Home library Current library Shelving location Date acquired Total Checkouts Full call number Barcode Date last seen Copy number Price effective from Koha item type
    Dewey Decimal Classification     Historic collection Historic collection RICS Boxes 22/10/1999   RICS 1907/2 30059310 06/08/2019 1 06/08/2019 Archive